Türkiye Cumhuriyetinde layiklik (Kayıt no. 8251)

MARC ayrıntıları
000 -BAŞLIK
Sabit Uzunlukta Kontrol Alanı 00805na a2200265 4500
001 - KONTROL NUMARASI
Denetim Alanı 20047
003 - KONTROL NUMARASI IDENTIFIER
Denetim Alanı MIRAKIL
005 - SON İŞLEM TARİHİ VE ZAMANI
Denetim Alanı 20181213155205.0
008 - SABİT-BOY VERİ ELEMANLARI - GENEL BİLGİLER
Sabit Uzunlukta Kontrol Alanı 170102b tu 000 0
035 ## - SİSTEM KONTROL NUMARASI
Sistem Kontrol Numarası 20047
040 ## - KATALOGLAMA KAYNAK
Orijinal Kataloglama Ajansı Milas
Kataloglama Dili tur
Metne Dönüştürmek Ajansı TR-AnCHP
041 ## - DİL KODU
Metin / Ses Parça Veya Ayrı Başlığın Dil Kodu tur
082 ## - DEWEY ONLU SINIFLANDIRMA NUMARASI
Sınıflandırma Numarası 320.1
Ürün Numarası D28t 1955
090 ## - SINIFLAMA NUMARASI
Sınıflama Numarası 320.1 D28t 1955
100 ## - ANA GİRİŞ - KİŞİSEL İSİM
Kişisel Ad Daver, Bülent
245 ## - BAŞLIK TABLOSU
Başlık Türkiye Cumhuriyetinde layiklik
Sorumluluk Tablosu, Vb Bülent Daver
246 ## - UNVAN FORM VARYING
Başlık Doğru / Kısa Başlığı Laiklik
260 ## - YAYIN, DAĞITIM, VB
Yayın, Dağıtım, Vb Yeri Ankara
Yayıncı, Dağıtıcı, Vs Adı Ankara Üniversitesi Siyasal Bilgiler Fakültesi Yayınları
Yayın, Dağıtım, Vb Tarihi 1955
300 ## - FİZİKSEL TANIM
Kapsam 259 s.
Boyutlar 24 sm.
490 ## - SERİSİ TABLOSU
Seri Beyanı Ankara Üniversitesi Siyasal Bilgiler Fakültesi Yayınları
Hacim / Ardışık Tanımı 48-30
504 ## - KAYNAKÇA VB NOT
Kaynakça Vb Notu Kaynakça ve dizin var.
650 ## - KONU KATMA GİRİŞ - TOPİKAL DÖNEM
Topikal Süreli Veya Coğrafi Ad Giriş Elemanı Siyaset ve yönetim
Genel Alt Bölümü Laiklik
650 ## - KONU KATMA GİRİŞ - TOPİKAL DÖNEM
Topikal Süreli Veya Coğrafi Ad Giriş Elemanı Türkiye Cumhuriyeti
Genel Alt Bölümü Tarih
Kronolojik Alt Bölümü Laiklik
942 ## - EKLENDİ GİRİŞ ELEMANLARI (KOHA)
Sınıflandırma Veya Raf Düzeni Kaynak Dewey Decimal Classification
Koha Öğesi Türü Kitaplar
999 ## - SİSTEM KONTROL NUMARALARI (KOHA)
Koha Biblionumber 8251
Koha Biblioitemnumber 8251
Mevcut
Kalıcı Konum Mevcut Konum Edinme Tarihi Edinim Kaynak Toplam Check-Out'Lar Tam Çağrı Numarası Barkod Tarih Son Görülme İtibaren Geçerli Fiyatlar Koha Öğesi Türü
CHP Kütüphanesi CHP Kütüphanesi 01/02/2017 Bağış   320.1 D28t 1955 010416 01/02/2017 01/02/2017 Kitaplar